000 00600nam a2200241Ia 4500
001 23711
005 20240114000734.0
007 ta
008 060330s1947 g b000 u 465 u
040 _aCotton College,Assam
041 _a465
082 _a823
_bB 329 Se
100 _aBaum, Vicki .
245 0 _aSecret Sentence /
_cVicki Baum.
_hTextual Documents
250 _a1st ed. /
260 _aLondon :
_bGeoffrey Bles ,
_c1947.
300 _a204p. ;
_c18cm.
653 _aEnglish fiction
653 _aG-English
942 _2ddc
_cBK
999 _c23693
_d23693